|
|
|
|
| LEADER |
00000cam a2200000 7i4500 |
| 001 |
0000029854 |
| 005 |
20241129.0 |
| 008 |
220525 my a eng |
| 040 |
|
|
|a INS
|b eng
|c INS
|e rda
|
| 090 |
0 |
0 |
|a Research 368
|b 2020
|
| 100 |
0 |
|
|a Mohamad Rizal Baharum ,
|e author
|
| 245 |
1 |
0 |
|a FM value map propositions in malaysia
|c Mohamad Rizal Baharum, Mohd Mazhar Mohd Marzuki, Masnizah Che Mat, Norizan Mahmud, Azwan Mohd Hashim
|
| 264 |
|
0 |
|c 2020
|
| 300 |
|
|
|a vii,87 pages :
|b illustrations ;
|c 30 cm.
|
| 336 |
|
|
|a text
|2 rdacontent
|
| 337 |
|
|
|a unmediated
|2 rdamedia
|
| 338 |
|
|
|a volume
|2 rdacarrier
|
| 650 |
|
0 |
|a Building management
|z Malaysia
|
| 700 |
0 |
|
|a Azwan Mohd Hashim ,
|e author
|
| 700 |
0 |
|
|a Masnizah Che Mat ,
|e author
|
| 700 |
0 |
|
|a Mohamad Rizal Baharum ,
|e author
|
| 700 |
0 |
|
|a Mohd Mazhar Mohd Marzuki ,
|e author
|
| 700 |
0 |
|
|a Norizan Mahmud ,
|e author
|
| 999 |
|
|
|a RES0000638
|b BOOK
|c Research By JPPH Staff
|e Default branch
|